What color is my world? : the lost history of ... Read More
Available copies
- 1 of 1 copy available at LARL/NWRL Consortium.
- 1 of 1 copy available at Northwest Regional Library. (Show preferred library)
Current holds
0 current holds with 1 total copy.
Show Only Available Copies
| Location | Call Number / Copy Notes | Barcode | Shelving Location | Status | Due Date |
|---|---|---|---|---|---|
| Godel Memorial-Warren Library | j ABD (Text) | 35500005251689 | Main | Available | - |
Record details
- ISBN: 0763664421
- ISBN: 9780763664428
- Physical Description: 90 pages : illustrations ; 23 cm
- Edition: First edition in this format.
- Publisher: Somerville, Massachusetts : Candlewick Press, 2013.
Content descriptions
| Summary, etc.: | Thirteen-year-old twins Herbie and Ella learn the ... Read More |
| Target Audience Note: | Ages 8-12. |
Search for related items by subject
| LDR | 01666cam a2200421Ki 4500 | ||
|---|---|---|---|
| 001 | 159893 | ||
| 003 | LARL_NWRL_CONSORTIUM | ||
| 005 | 20131213100500.0 | ||
| 008 | 130325s2013 maua j 001 1 eng d | ||
| 020 | . | ‡a0763664421 | |
| 020 | . | ‡a9780763664428 | |
| 035 | . | ‡a(OCoLC)832314840 | |
| 040 | . | ‡aYDXCP ‡beng ‡erda ‡cYDXCP ‡dBDX ‡dLAP ‡dCLE ‡dNRG | |
| 049 | . | ‡aNRGI | |
| 082 | 0 | 4. | ‡a609.2273 |
| 100 | 1 | . | ‡aAbdul-Jabbar, Kareem, ‡d1947-, ‡eauthor. ‡0(LARL_NWRL_CONSORTIUM)49613 |
| 245 | 1 | 0. | ‡aWhat color is my world? : ‡bthe lost history of African-American inventors / ‡cKareem Addul-Jabbar & Raymond Obstfeld ; illustrated by Ben Boos & A.G. Ford. |
| 250 | . | ‡aFirst edition in this format. | |
| 260 | . | ‡aSomerville, Massachusetts : ‡bCandlewick Press, ‡c2013. | |
| 300 | . | ‡a90 pages : ‡billustrations ; ‡c23 cm | |
| 336 | . | ‡atext ‡btxt ‡2rdacontent | |
| 337 | . | ‡aunmediated ‡bn ‡2rdamedia | |
| 338 | . | ‡avolume ‡bnc ‡2rdacarrier | |
| 520 | . | ‡aThirteen-year-old twins Herbie and Ella learn the stories of unsung African American inventors. | |
| 521 | 1 | . | ‡aAges 8-12. |
| 650 | 0. | ‡aAfrican American inventors ‡vJuvenile fiction. | |
| 650 | 0. | ‡aAfrican Americans ‡vJuvenile fiction. ‡0(LARL_NWRL_CONSORTIUM)163089 | |
| 650 | 0. | ‡aMoving, Household ‡vJuvenile fiction. ‡0(LARL_NWRL_CONSORTIUM)173368 | |
| 650 | 0. | ‡aBrothers and sisters ‡vJuvenile fiction. ‡0(LARL_NWRL_CONSORTIUM)163775 | |
| 650 | 0. | ‡aTwins ‡vJuvenile fiction. ‡0(LARL_NWRL_CONSORTIUM)167782 | |
| 650 | 0. | ‡aInventors ‡vJuvenile fiction. | |
| 700 | 1 | . | ‡aObstfeld, Raymond, ‡eauthor. |
| 700 | 1 | . | ‡aBoos, Ben, ‡eillustrator. |
| 700 | 1 | . | ‡aFord, AG, ‡eillustrator. |
| 994 | . | ‡aC0 ‡bNRG | |
| 901 | . | ‡a159893 ‡bOCLC ‡c159893 ‡tbiblio | |

Add to basket
Permalink
Enable Highlighting